[Event "Wch U12 Girls"]
[Site "Belfort"]
[Date "2005.07.23"]
[Round "5"]
[White "Edes, Zsofia"]
[Black "Vilce, Andrea"]
[Result "0-1"]
[WhiteElo "1599"]
[BlackElo "1599"]
[PlyCount "60"]
[EventDate "2005.07.19"]
[EventType "swiss"]
[EventRounds "11"]
[EventCountry "FRA"]
[SourceTitle "CBM 107 Extra"]
[Source "ChessBase"]
[SourceDate "2005.09.01"]
[SourceVersion "1"]
[SourceVersionDate "2005.09.01"]
[SourceQuality "1"]

1. e4 c5 2. c3 d5 3. exd5 Qxd5 4. d4 Nf6 5. Nf3 e6 6. Be2 Be7 7. Bf4 Nc6 8. Na3 Qd8 9. Nb5 Nd5 10. Bg3 a6 11. c4 axb5 12. cxd5 Qxd5 13. Bxb5 0-0 14. Bxc6 bxc6 15. a3 Ba6 16. Qd2 Rfd8 17. Rd1 cxd4 18. Qxd4 Qb5 19. Qe5 Rxd1+ 20. Kxd1 Rd8+ 21. Kc2 Qa4+ 22. Kc1 Bd3 23. Qc3 Bb4 24. axb4 Qa1+ 25. Kd2 Qxh1 26. Bh4 f6 27. Nd4 Bg6 28. Qc4 Bf7 29. Qxc6 Rxd4+ 30. Kc3 Qc1+ 0-1